Statistics for [路線図付き] 東武鉄道 スカイツリーライン(伊勢崎線) 駅名穴埋めクイズ

Click here to take the quiz!

General Stats

  • This quiz has been taken 423 times
  • The average score is 24 of 30

Answers on the Map

Answers color-coded by a green-red scale on the quiz's map according to % correct below.
 

Answer Stats

Answer% Correct
スカイツリーラインTS01浅草
97%
スカイツリーラインTS09北千住
96%
スカイツリーラインTS03押上
95%
スカイツリーラインTS27春日部
91%
スカイツリーラインTS30東武動物公園
91%
スカイツリーラインTS04曳舟
91%
スカイツリーラインTS21越谷
90%
スカイツリーラインTS20新越谷
89%
スカイツリーラインTS13西新井
86%
スカイツリーラインTS02とうきょうスカイツリー
86%
スカイツリーラインTS16草加
84%
スカイツリーラインTS28北春日部
82%
スカイツリーラインTS24せんげん台
82%
スカイツリーラインTS14竹ノ塚
81%
スカイツリーラインTS22北越谷
81%
スカイツリーラインTS17獨協大学前
78%
スカイツリーラインTS05東向島
77%
スカイツリーラインTS08牛田
76%
スカイツリーラインTS06鐘ヶ淵
75%
スカイツリーラインTS07堀切
72%
スカイツリーラインTS11五反野
72%
スカイツリーラインTS10小菅
72%
スカイツリーラインTS29姫宮
70%
スカイツリーラインTS12梅島
68%
スカイツリーラインTS15谷塚
67%
スカイツリーラインTS26一ノ割
67%
スカイツリーラインTS19蒲生
66%
スカイツリーラインTS18新田
66%
スカイツリーラインTS23大袋
64%
スカイツリーラインTS25武里
63%

Score Distribution

Percentile by Number Answered

Percent of People with Each Score

Your Score History

You have not taken this quiz